Jakie to Anime - Statystyki

Ogólne statystyki
  • Ten quiz został rozwiązany 613 razy
  • Średni wynik to 9 z 15
Statystyki odpowiedzi
Hint Answers % Poprawnych
W świecie pełnym bohaterów, żyje się zielonowłosy chłopak, który marzy by zostać obrońcą ludzi. Niestety rodzi się bez żadnych mocy. Przypadkowe spotkanie z bohaterem numer jeden sprawia, że ten wręcza mu swoją moc, główny bohater trafia do elitarnej akademii dla bohaterów My Hero Academia
88%
Ponadprzeciętnie silny bohater potrafi jednym ciosem pokonać każdego wroga. Znudzony obecnym stanem rzeczy wyrusza na poszukiwania godnych siebie przeciwników. One Punch Man
81%
Licealista, niespodziewanie zostaje przyzwany do innego świata. Nie dość, że znajduje się w najtrudniejszej sytuacji w swoim życiu i nie ma śladu osoby, która go przywołała, to jeszcze zostaje zaatakowany. Ratuje go tajemnicza srebrnowłosa dziewczyna z kotkiem-duszkiem, postanawia więc współpracować z wybawicielką, aby spłacić swój dług. Jednakże zostają ponownie zaatakowani i zamordowani, ale ku zaskoczeniu chłopak, budzi się on w miejscu, gdzie został przyzwany do nowego świata. Okazuje się, że ten bezradny bohater posiada umiejętność „Powrót przez śmierć” Re:Zero
70%
Młody łyżwiaż jest jedyną nadzieją Japonii na zwycięstwo w prestiżowym Finale Grand Prix w łyżwiarstwie figurowym. Niestety kiedy jego występ kończy się sromotną porażką załamuje się i wraca do rodzinnego Hasetsu, bijąc się z myślami o porzuceniu kariery. Niespodziewane pojawienie się jego zaledwie kilka lat starszego idola, pięciokrotnego mistrza świata, wraz ze wschodzącą gwiazdą rosyjskiego łyżwiarstwa i mistrzem juniorów, przełamuje jednak jego apatię. Proponują mu oni wspólny udział w pewnym wyjątkowym Grand Prix. Yuri on Ice
69%
Młoda kapłanka dołączyła do swojej pierwszej drużyny poszukiwaczy przygód, ale niemal natychmiast znajdują się w trudnej sytuacji. Na pomoc przychodzi człowiek, który poświęcił całe życie na eksterminację wszystkich goblinów, wszelkimi niezbędnymi środkami. Goblin Slayer
66%
Mamy rok 2022 , uczeń gimnazjum jest znudzony prozą swojego codziennego życia. Właśnie wprowadzono na rynek innowacyjną technologię, która pozwoli mu się przenieść całkowicie w świat swojej ulubionej rozrywki. To urządzenie służące do transportowania bodźców wysyłanych przez mózg do pierwszej tego typu wirtualnej gry. Zaraz po pierwszym zalogowaniu do gry wszyscy gracze pojawiają się na wielkim placu, gdzie wita ich administrator gry, a także jej twórca. Informuje graczy między innymi o tym, że z gry nie można się wylogować i, że to nie jest żaden błąd. Dodaje również, że jeśli ktoś umrze podczas trwania gry to zginie również w świecie realnym. Jedynym uwolnieniem się jest ukończenie stu pięter latającego zamku. Sword Art Online
64%
Pewnego dnia większość księżyca zostaje zniszczona, okazuje się że zrobił to kosmita który zamierza to samo zrobić z Ziemią. Zostaje nauczycielem w szkole, w której uczy jak bo zabić.Mają na to rok czasu Assassination Classroom
63%
Bóg w dresach zbiera pieniądze na własną świątynie, wykonując drobne uczynki. Poznaje dziewczynę, z niewiadomych jej dusza opuszcza ciało Noragami
63%
Seria przedstawia losy piętnastoletniego chłopca , który dąży do zostania Cesarzem magii, czyli bycia najsilniejszym magiem w królestwie. To nie będzie proste z wielu powodów. Jednym z nich jest to że jego uzdolniony magicznie brat dąży do tego samego celu. Na dodatek podstawowym problem jest to, że Asta nie ma w swoim ciele żadnej wykrywalnej ani znanej magii! Okazuje się jednak, że ma więcej szczęścia niż rozumu - otrzymuje niesamowicie rzadki Grymuar pięciolistnej koniczyny Black Clover
62%
Czerwonowłosy chłopak prowadzi restaurację dla mas razem ze swoim ojcem. Ten postanawia zamknąć lokal, a syna wysyła do elitarnej szkoły gastronomicznej Food Wars
58%
Grupka siedmiu podstępnych rycerzy, którzy spiskowali by obalić królestwo Britannii – mówi się, że zostali zlikwidowani przez Świętych Rycerzy, choć niektórzy ludzie twierdzą, że wciąż żyją. Dziesięć lat później wspomniany szlachetny zakon Świętych Rycerzy przeprowadza zamach stanu, więżąc króla i stając się nową, okrutną siłą rządzącą całym królestwem. Adoptowana córka króla, ucieka z zamku i wyrusza na wyprawę w celu odnalezienia rycerzy by odzyskać Brytannie The Seven Deadly Sins
45%
Dziewczyna uczęszcza do szkoły średniej w małym mieście Itomori. Marzy o porzuceniu swojego dotychczasowego życia na prowincji i przeprowadzce do Tokio. W tym samym jej rówieśnik, chłopak, który prowadzi poukładane i pełne zajęć życie. W wolnych chwilach pracuje jako kelner w jednej z tokijskich restauracji. Pewnego dnia dziewczyna budzi się w nieswoim pokoju i po krótkim czasie zauważa scenerię wielkiego miasta. Po chwili orientuje się, iż ciało, w którym się znalazła również nie należy do niej. Identyczna sytuacja przydarza się chłopakowi, jego oczom ukazują się dziewicze, prowincjonalne krajobrazy. Your Name
45%
Na świecie, oprócz zwykłych ludzi i samozwańczych mediów, żyją użytkownicy mocy psychicznych, jak telekinetycy czy telepaci. Jednym z nich jest uczeń drugiej klasy Gimnazjum. Już jako dziecko wyginał łyżki i sprawiał, że przedmioty unosiły się w powietrzu, ale szybko odkrył, że w ten sposób nie zdobędzie serca swojej pierwszej miłości. Wtedy też przestał pokazywać ludziom swoje umiejętności i stracił pewność siebie. Teraz, podczas gdy jego rówieśnicy wykorzystują młodość na różne sposoby, on marnuje swój potencjał, pracując za śmiesznie niską stawkę jako asystent naciągacza, który podaje się za medium. Wciąż próbuje znaleźć dla siebie miejsce i zdobyć przyjaciół, ale nie jest popularny, wysportowany, ani nie osiąga wysokich wyników w nauce. Sytuacji nie poprawia fakt, że wydaje się całkiem wyprany z emocji. Dawno temu zauważył bowiem, że im silniejszych uczuć doświadcza, tym potężniejsze stają się jego psychiczne zdolności, ale zaczyna też tracić nad nimi kontrolę. Tłumione emocje powoli w nim rosną, a gdy ich poziom osiąga 100%, staje się wyjątkowo niebezpieczny dla otoczenia. Mob Psycho 100
40%
Po dostaniu się do drużyny koszykówki liceum Seirin, Czerwonowłosy bohater, który wrócił z Ameryki. Nie był przygotowany na spotkanie kogoś takiego jak Kuroko. Niepozorny chłopak nie zasługuje w jego oczach nawet na chwilę uwagi, lecz tak naprawdę był on członkiem najsilniejszej, legendarnej wręcz, drużyny, zwanej "pokoleniem cudów" Kuroko's Basket
38%
Normalny inaczej nastolatek, posiada całą gamę przeróżnych nadnaturalnych zdolności, m.in. telekinezę i telepatię. Chce on wieść normalne szkolne życie, w czym jednak nieustannie przeszkadzają mu jego moce. The Disastrous Life of Saiki K
17%
Nie znaleziono quizów pasujących do podanych kryteriów
Rozkład punktacji
Procent ludzi z każdym wynikiem
Percentyl według liczby udzielonych odpowiedzi
Twoja historia wyników
Nie rozwiązałeś tego quizu